Score 0/11 Timer 01:00
3 Plays Today
% Correct
Hobbits
93%
Elves
91.3%
Dwarves
88.9%
Men
86.4%
Dragons
86.1%
Ents
84.4%
Orcs
72.5%
Maiar
64.6%
Eagles
58.6%
Trolls
57.7%
Ainur
55.9%

Today's Daily Dose

Missing Word
Lizzo Songs

Get the Picture
The Longest Rivers

Remove Ads.
Support Sporcle.
Get the best of Sporcle when you Go Orange. This ad-free experience offers more features, more stats, and more fun while also helping to support Sporcle. Thank you for becoming a member.

You're not logged in!

Compare scores with friends on all Sporcle quizzes.
OR
Log In

Show Comments

Extras

Top Quizzes Today


Score Distribution

Your Account Isn't Verified!

In order to create a playlist on Sporcle, you need to verify the email address you used during registration. Go to your Sporcle Settings to finish the process.

Report this User

Report this user for behavior that violates our Community Guidelines.

Details: